01663nam a2200349 i 4500001001000000003000900010005001700019007000300036008004100039040003000080041000800110082002600118100005100144245006800195264007000263300003400333336002800367337003300395338003100428500014500459590002600604650005700630650004900687650003400736650003700770910004200807942001400849952015100863952013901014952014501153999001501298000005580DO-SdBNP20251217122150.0ta090820s1979 dr r 000 0 spa d aDO-SdBNPbspacBNPHUerda aspa 4a342.729306bM948d2221 aMueses Henríquez, Renéeautor4aut.91576610aDerecho administrativo dominicano /cRené Mueses Henríquez. aSanto Domingo :bLibrería y papelería La Filantropica,c1979. a268, [38] páginas ;c24 cm. atextobtxt2rdacontent  asin mediaciónbn2rdamedia avolumen bnc2rdacarrier  aIncluye en anexo: Ley 1491 De servicio civil y carrera administrativa -- Ley 1494 que instituye la jurisdicción contencioso-administrativa aInventariado, 2018/VM 4aDerecho administrativozRepública Dominicana91203 4aDerecho administrativoxLegislación915767 4aCarrera administrativa915768 0aAdministración pública99266 aValidado. Control de calidad. MMOLINA 2ddccLBS1 00102ddc56708DSaBNPHUbBNPHUcHDd2015-04-16l0oBNPHU DS 342.068 M948d 1979p5580-40r2020-06-25te. 3w2020-06-25yLBS1ZPréstamo en sala 00102ddc51708PDaBNPHUbBNPHUcHDd2009-08-20l0oBNPHU PD 342.068 M948d 1979p5580-10r2020-06-25w2020-06-25yLBS1ZNo se presta 00102ddc51708PDaBNPHUbBNPHUcHDd2015-04-16l0oBNPHU DS 342.068 M948d 1979p5580-30r2020-06-25te. 2w2020-06-25yLBS1ZNo se presta c5379d5379